Top 5 most populous cities in the Top 5 most populous states - Statistics

General Stats
  • This quiz has been taken 42 times
  • The average score is 25 of 30
Answer Stats
Hint Answer % Correct
950,807 Austin
100%
State #1 California
100%
1,330,612 Dallas
100%
2,310,432 Houston
100%
3,971,883 Los Angeles
100%
State #3 New York
100%
8,323,340 New York City
100%
State #2 Texas
100%
1,394,928 San Diego
97%
874,401 Fort Worth
95%
1,508,083 San Antonio
95%
864,816 San Francisco
95%
1,026,908 San José
95%
255,244 Buffalo
92%
2,697,480 Chicago
92%
State #5 Illinois
92%
929,647 Jacksonville
92%
478,251 Miami
92%
290,520 Orlando
90%
337,053 Tampa
90%
State #4 Florida
87%
203,792 Rochester
74%
520,052 Fresno
72%
199,021 Yonkers
67%
267,121 St. Petersburg
62%
140,987 Syracuse
59%
194,873 Aurora
49%
146,572 Joliet
46%
144,213 Rockford
46%
149,167 Naperville
33%
No matching quizzes found
Score Distribution
Percent of People with Each Score
Percentile by Number Answered
Your Score History
You have not taken this quiz